Σκηνές από το βίο του Μάξιμου του Γραικού : μυθιστόρημα

Αποθηκεύτηκε σε:
Λεπτομέρειες βιβλιογραφικής εγγραφής
Κύριος συγγραφέας: Αλεξανδρόπουλος, Μήτσος, 1924-2008
Μορφή: Βιβλίο
Γλώσσα:Greek
Δημοσίευση: Αθήνα : Ελληνικά Γράμματα, 2002.
Σειρά:Ελληνική λογοτεχνία (Ελληνικά Γράμματα)
Βιβλιοθήκη Μήτσου Αλεξανδρόπουλου
Ετικέτες: Προσθήκη ετικέτας
Δεν υπάρχουν, Καταχωρήστε ετικέτα πρώτοι!

MARC

LEADER 00000cam a2200000 i 4500
001 1/20510
008 051209s2002 gr | ||| |||| ||gre||
020 |a 9604062581 
035 |l 10081634 
040 |a GR-MyUa  |b gre  |e AACR2 
041 0 |a gre 
082 7 |a 889.3   |2 (22) 
100 1 |a Αλεξανδρόπουλος, Μήτσος,   |b 1924-2008. 
245 1 0 |a Σκηνές από το βίο του Μάξιμου του Γραικού :   |b μυθιστόρημα /   |c Μήτσος Αλεξανδρόπουλος.  
260 |a Αθήνα :   |b Ελληνικά Γράμματα,   |c 2002.  
300 |a 466 σ. ;   |c 21 εκ. 
490 1 |a (Ελληνική λογοτεχνία / Ελληνικά Γράμματα) 
490 1 |a (Βιβλιοθήκη Μήτσου Αλεξανδρόπουλου) 
500 |a Το παράρτημα της Βιβλιοθήκης Σύρου έχει την 3η έκδ.  
830 0 |a Ελληνική λογοτεχνία (Ελληνικά Γράμματα) 
830 0 |a Βιβλιοθήκη Μήτσου Αλεξανδρόπουλου 
852 |a INST  |b SYROS  |e 20051209  |h 889.3 ΑΛΕ  |p 005500005041  |q 005500005041  |t BK  |y 0 
901 |a BIBL5-2005-3 
922 |a 5ΕΛΗ  |b 200511  |c Βιβλιοθήκη Σύρου  |d Σελεφαΐς 
970 |a Τσουκαλά  |b Αλίκη  |z 09/12/2005